| 000 | 00677cab a2200229 4500 | ||
|---|---|---|---|
| 001 | WB3402-26 | ||
| 008 | 090401t1998 xxu||||| |||| 00| 0 eng d | ||
| 035 | _a(Sirsi) u83134 | ||
| 041 | _aeng | ||
| 245 | _aLloyds estate agency sale | ||
| 260 | _c1998 | ||
| 350 | _a0 | ||
| 490 |
_aFinancial Times _v12 January 1998, 22(1) |
||
| 520 | _aBlack Horse Agencies, the estate agency arm of Lloyds TSB, is expected to be sold after a review of the company. | ||
| 650 | _aBLACK HORSE AGENCIES | ||
| 650 | _aESTATE AGENTS | ||
| 650 | _aLLOYDS BANK | ||
| 650 | _aSALE | ||
| 690 | _aMANAGEMENT-BUSINESS MANAGEMENT-PROFESSIONAL PRACTICE | ||
| 942 | _n0 | ||
| 948 | _c15/01/1998 | ||
| 999 |
_c52511 _d52511 |
||